1071 1406 1182 1697 1620 1342 1155 1118 1962 1549 1860 1340 1905 1710 1656 1138 1333 1982 1119 1487 1804 1268 1344 1644 1125 1566 1847 1223 1918 1730 1110 1300 1412 1959 1960 1271 1276 1722 1926 1925 1558 1036 1397 1156 1192 1888 1754 1747 1469 1698 1151 1192 1509 1047 1279 1486 1463 1241 1783 1174 1283 1278 1249 1202 1730 1147 1870 1309 1253 1813 1327 1368 1823 1650 1006 1581 1886 1325 1885 1853 1428 1496 1339 1676 1160 1123 1789 1278 1101 1215 1753 1397 1655 1773 1250 1153 1625 1976 1454 BCNSPRNW ULIB Ver.6.0+V

เปลี่ยนเป็นภาษาไทย

Change to English
 แสดงรายละเอียดบรรณานุกรม
  กลับหน้าหลัก

Brief Record : Get Marc (ISO 2709) : E-mail record : QR code < ปิดหน้าต่าง
LEADER : 00000nam 2200000uu 4500
001    13399111319
003     ULIB
008    110622s2551||||th 000 0 tha d
020    9789740435921
060 04 QU145^bว436ก 2551
100 0  วันวิสา พยัคฆ์สกุล
245 10 กินอยู่อย่างไรให้สุขภาพดี /^cเรียบเรียงโดย วันวิสาพยัคฆ์สกุล ; บรรณาธิการ ชลาลัย ศรีอารีย์
250    พิมพ์ครั้งที่ 1
260    กรุงเทพฯ :^bครีเอทบุ๊คส์,^c2551
300    159 หน้า ;^c21 ซม.
650  7 โภชนาการ
650  7 การดูแลสุขภาพด้วยตนเอง
700 0  ชลาลัย ศรีอารีย์,^eบรรณาธิการ
945    ^p125^l0^i18099
995    กัณชพร
999    ^aใช้งานได้ทุกระบบ
รายการนี้ยังไม่มีแท็ก
คุณยังไม่ได้ล็อกอิน คุณสามารถมีกิจกรรมร่วมกับเว็บไซต์ได้ แต่ต้องล็อกอินก่อน ::
  ล็อกอิน

รายการสื่อสารสนเทศ

ลำดับที่ ประเภท เลขเรียก/บาร์โค้ด สถานที่ สถานะ
1. วิทยาศาสตร์การแพทย์ และสุขภาพ
วิทยาศาสตร์การแพทย์ และสุขภาพ
QU145 ว436ก 2551  
  Barcode: 18099
ห้องสมุดวิทยาเขตสวรรค์ประชารักษ์
►ส่วนจัดเก็บหนังสือเก่า สปร
บนชั้น
  ขอยืม

รายการใกล้เคียง
    ผู้แต่ง [วันวิสา พยัคฆ์สกุล]

    หัวเรื่อง [โภชนาการ]
    หัวเรื่อง [การดูแลสุขภาพด้วยตนเอง]

BibComment


ยังไม่เคยถูกคอมเมนท์

คอมเมนท์ทรัพยากรรายการนี้
  คอมเมนท์: กินอยู่อย่างไรให้..


 Copyright 2026. Bcnsprnw @Library